Firaun dan Nabi Musa A.S. (Record no. 27926)

MARC details
000 -LEADER
fixed length control field 00767nam a2200265 i 4500
001 - CONTROL NUMBER
control field C2-0111781
003 - CONTROL NUMBER IDENTIFIER
control field PPAK
005 - DATE AND TIME OF LATEST TRANSACTION
control field 20180727103552.0
008 - FIXED-LENGTH DATA ELEMENTS--GENERAL INFORMATION
fixed length control field 970629s1995 my a|||| ||||| | may d
020 ## - INTERNATIONAL STANDARD BOOK NUMBER
International Standard Book Number 9838270482
040 ## - CATALOGING SOURCE
Original cataloging agency PPAK
Language of cataloging eng
Transcribing agency PPAK
Description conventions rda
082 04 - DEWEY DECIMAL CLASSIFICATION NUMBER
Classification number 297
Edition number 23
090 00 - LOCALLY ASSIGNED LC-TYPE CALL NUMBER (OCLC); LOCAL CALL NUMBER (RLIN)
Classification number (OCLC) (R) ; Classification number, CALL (RLIN) (NR) 297
Feature heading NAD
Feature heading K
100 0# - MAIN ENTRY--PERSONAL NAME
Personal name Nadzman Mustaffa,
Titles and words associated with a name Ustaz
Relator term author
245 10 - TITLE STATEMENT
Title Firaun dan Nabi Musa A.S.
264 #1 - PRODUCTION, PUBLICATION, DISTRIBUTION, MANUFACTURE, AND COPYRIGHT NOTICE
Place of production, publication, distribution, manufacture Kuala Lumpur :
Name of producer, publisher, distributor, manufacturer Pustaka Bakti Wira ,
Date of production, publication, distribution, manufacture, or copyright notice 1995
300 ## - PHYSICAL DESCRIPTION
Extent 27 pages :
Other physical details colour illustrations ;
Dimensions 27 cm
336 ## - CONTENT TYPE
Source rdacontent
Content type term text
337 ## - MEDIA TYPE
Source rdamedia
Media type term unmediated
338 ## - CARRIER TYPE
Source rdacarrier
Carrier type term volume
490 1# - SERIES STATEMENT
Series statement Siri pancaran kisah-kisah nabi
650 10 - SUBJECT ADDED ENTRY--TOPICAL TERM
Topical term or geographic name entry element Islamic stories, Malay
830 #0 - SERIES ADDED ENTRY--UNIFORM TITLE
Uniform title Siri pancaran kisah-kisah nabi
942 ## - ADDED ENTRY ELEMENTS (KOHA)
-- dc
Koha item type Book
Holdings
Withdrawn Not for loan Current library Shelving location Date acquired Total Checkouts Total Renewals Full call number Barcode Date last seen Date last checked out Koha item type
    Perpustakaan Alor Setar Pinjaman Kanak-kanak 08/09/1998 3 1 K 297 NAD A00223340 04/10/2025 13/09/2025 Book
    Perpustakaan Merbok Pinjaman Kanak-kanak 29/01/2009     K 297 NAD A01270953 08/05/2018   Book
    PD18, Kg. Wang Tepus, Jitra Pinjaman Kanak-kanak 08/02/2000     K 297 NAD A00298476 08/05/2018   Book
    PD27, Kg. Bendang Bukit, Pendang Pinjaman Kanak-kanak 26/07/2000     K 297 NAD A00924381 08/05/2018   Book